000 00312nam a22001337a 4500
008 170905b xxu||||| |||| 00| 0 eng d
020 _a9780205691265
041 _aeng
080 _28 ED
_a070
100 _a40
101 _aMED
245 _aCOMMUNICATION MAKING CONNECTIONS
_cSEILER.W.J
942 _2udc
_cBK
999 _c26086
_d26086